000 00864 a2200193 4500
001 53833
005 20260407155809.0
008 260407a1968 arg spa d
003 AR-UNSa-BCEJYS
040 _aAR-UNSa-BCEJYS
_bspa
_cAR-UNSa-BCEJYS
080 _a330.342
_xNivel de desarrollo. Grados del desarrollo de la economía. Sistemas económicos
245 1 0 _aLa asignación optima de los recursos económicos
264 1 _aBarcelona :
_bEdiciones Ariel
_c1968
300 _a307 p.
_c24 cm.
505 _aI. Asignación del programa y evaluación de la producción - II. Realización del programa máximo para unos recursos dados.Evaluación de los factores de producción - III. Ampliación de la capacidad de producción.Eficacia de las inversiones
942 _cBK
590 _aniveau_biblio:m niveau_hierar:0
100 1 _aKantorovich, Leonid Vitálievich
999 _c5257
_d5257